000 00963nam a2200253 i 4500
001 89119
003 ES-MaACL
005 20250815044417.0
007 t|
008 050202s2004 sp ||||1| spa d
020 _a84-9756-213-5
080 _a821.134.2-14.09"19"
100 1 _aDíez de Revenga, Francisco Javier,
_d1946-
_944713
245 1 4 _aLas vanguardias y la generación del 27 /
_cFrancisco Javier Díez de Revenga.
260 _aMadrid :
_bSíntesis,
_c[2004]
300 _a235 p. ;
_c22 cm.
490 1 _aHistoria de la literatura universal ;
_v22. Literatura española. Movimientos y épocas
504 _aBibliografía: p. 231-235.
650 _aGeneración del 27 (Literatura)
_913050
650 4 _aLiteratura española-
_yS.XX-
_xHistoria y crítica.
_9141686
830 1 0 _aHistoria de la literatura universal
_v22. Literatura española. Movimientos y épocas
_9189211
852 _aES-MaACL
_jL-28750
999 _c89119
_d89119